| 000 | 00495nam a2200181Ia 4500 | ||
|---|---|---|---|
| 003 | GCL | ||
| 008 | 140319s9999 xx 000 0 eng d | ||
| 040 |
_aGCL / _cGCL |
||
| 082 | 0 | 4 |
_a624.092 _bI C |
| 100 | 1 | _aIUSTON J.M. | |
| 245 | 1 | 0 |
_aCONSTRUCTION MATERIALS: THEIR NATURE AND BEHAVIOUR / _cIUSTON J.M. |
| 260 |
_a[S.N] : _bE & FN SPON ، _c1994 |
||
| 300 | _a518 P | ||
| 650 | 0 | 4 | _aالتحليل الرياضى |
| 650 | 0 | 4 | _aCIVIL ENGINEERING |
| 650 | 0 | 4 | _aCONSTRUCTION |
| 942 |
_2ddc _cBK |
||
| 999 |
_c19761 _d19761 |
||